000 01198cam a2200313 a 4500
001 12766177
003 OSt
005 20150408113939.0
008 020507s2003 flua b 001 0 eng
010 _a 2002071267
020 _a158488262X
040 _aDLC
_cDLC
_dDLC
050 0 0 _aTA345
_b.W55 2003
082 0 0 _a620.00151
_221
100 1 _aWilson, H. B.
_95683
245 1 0 _aAdvanced mathematics and mechanics applications using MATLAB /
_cHoward B. Wilson, Louis H. Turcotte, David Halpern.
250 _a3rd ed.
260 _aBoca Raton :
_bChapman & Hall/CRC,
_cc2003.
300 _axiii, 678 p. :
_bill. ;
_c25 cm.
504 _aIncludes bibliographical references (p. 655-662) and index.
630 0 0 _aMATLAB.
_94913
650 0 _aEngineering mathematics
_xData processing.
_95684
650 0 _aMechanics, Applied
_xData processing.
_95685
700 1 _aTurcotte, Louis H.
_95686
700 1 _aHalpern, David.
_95687
856 4 2 _3Publisher description
_uhttp://www.loc.gov/catdir/enhancements/fy0646/2002071267-d.html
942 _2ddc
_cBOOK
999 _c17511
_d252011